[Event "WCh Women 2017"]
[Site "Tehran IRI"]
[Date "2017.02.22"]
[Round "4.1"]
[White "Tan, Zhongyi"]
[Black "Ju, Wenjun"]
[Result "1/2-1/2"]
[WhiteElo "2502"]
[BlackElo "2583"]
[PlyCount "163"]
[EventDate "2017.02.11"]

1. d4 Nf6 2. c4 e6 3. Nc3 Bb4 4. Qc2 O-O 5. Nf3 d5 6. cxd5 exd5 7. Bg5 h6 8.
Bh4 c5 9. dxc5 Be6 10. e3 Nbd7 11. a3 Bxc3+ 12. Qxc3 g5 13. Bg3 Ne4 14. Qc2 Bf5
15. Qd1 Ndxc5 16. Nd4 Bg6 17. f3 Nxg3 18. hxg3 Qe7 19. Qd2 h5 20. b4 Ne6 21.
Kf2 Rac8 22. Be2 Qf6 23. Rac1 Nxd4 24. Qxd4 Qxd4 25. exd4 Kg7 26. Rc5 Rxc5 27.
dxc5 Kf6 28. Rd1 Rd8 29. Rd4 Bf5 30. Bc4 Be6 31. f4 b6 32. c6 Ke7 33. Bd3 f6
34. b5 Kd6 35. Be2 g4 36. Rd1 a6 37. bxa6 Kxc6 38. Rh1 d4 39. Bd3 Bf7 40. Re1
Ra8 41. Re7 Bd5 42. a4 Rh8 43. Bb5+ Kd6 44. Re8 Rxe8 45. Bxe8 Kc7 46. Bxh5 Be6
47. Be8 Kb8 48. Bb5 Ka7 49. Ke2 Bf5 50. Kd2 Be4 51. Be2 Bf5 52. Bb5 Be4 53. Bf1
Bg6 54. Bc4 Be4 55. Bb5 Bb1 56. Bd7 Kxa6 57. Bxg4 Ka5 58. Bd1 b5 59. axb5 Kxb5
60. g4 Kc5 61. Bc2 Ba2 62. g3 Be6 63. Bf5 Bc4 64. Be4 Be6 65. Bf3 Bc4 66. Be2
Be6 67. Ke1 Bd7 68. Kf2 d3 69. Bxd3 Bxg4 70. Ke3 Kd5 71. Be2 Bd7 72. g4 Kd6 73.
Kf3 Ke7 74. Bc4 Kf8 75. Be2 Bc6+ 76. Ke3 Ke7 77. Bf3 Bd7 78. f5 Bb5 79. Kf4 Bc4
80. Be4 Bb5 81. Bd5 Bd7 82. Bc4 1/2-1/2

[Event "WCh Women 2017"]
[Site "Tehran IRI"]
[Date "2017.02.22"]
[Round "4.2"]
[White "Stefanova, Antoaneta"]
[Black "Muzychuk, Anna"]
[Result "1/2-1/2"]
[WhiteElo "2512"]
[BlackElo "2558"]
[PlyCount "85"]
[EventDate "2017.02.11"]

1. d4 Nf6 2. c4 g6 3. f3 e6 4. e4 d5 5. cxd5 exd5 6. Nc3 dxe4 7. fxe4 Bb4 8.
Bd3 c5 9. a3 Bxc3+ 10. bxc3 cxd4 11. Nf3 dxc3 12. Qc2 Bg4 13. O-O Nbd7 14. Qxc3
Rc8 15. Qb4 Bxf3 16. Rxf3 Ne5 17. Rxf6 Nxd3 18. Qa4+ Qd7 19. Qxd7+ Kxd7 20. Bg5
h6 21. Rxf7+ Ke6 22. Re7+ Kd6 23. Bf6 Rhe8 24. Rxb7 Rxe4 25. Rd1 Re1+ 26. Rxe1
Nxe1 27. Kf2 Nd3+ 28. Ke3 Ne5 29. Bxe5+ Kxe5 30. Re7+ Kf5 31. Rxa7 Rc2 32. Ra5+
Kg4 33. Ra4+ Kh5 34. g3 g5 35. Ke4 Rxh2 36. Kf3 Rc2 37. Re4 Ra2 38. Re3 Ra1 39.
Rc3 Ra2 40. Rb3 Ra1 41. Kg2 Ra2+ 42. Kf3 Ra1 43. Rc3 1/2-1/2

[Event "WCh Women 2017"]
[Site "Tehran IRI"]
[Date "2017.02.22"]
[Round "4.2"]
[White "Dzagnidze, Nana"]
[Black "Harika, Dronavalli"]
[Result "1-0"]
[WhiteElo "2525"]
[BlackElo "2539"]
[PlyCount "133"]
[EventDate "2017.02.11"]

1. Nf3 Nf6 2. c4 e6 3. b3 d5 4. Bb2 Be7 5. g3 O-O 6. Bg2 c5 7. O-O Nc6 8. e3 b6
9. d4 cxd4 10. Nxd4 Bb7 11. Nc3 Nxd4 12. Qxd4 Bc5 13. Qd3 Ba6 14. Rfd1 Rc8 15.
Qb1 Qe7 16. a3 Rfd8 17. cxd5 exd5 18. Nxd5 Nxd5 19. Rxd5 Rxd5 20. Bxd5 Rd8 21.
Qe4 Qxe4 22. Bxe4 g6 23. Bf6 Rd6 24. Bc3 Rd7 25. a4 Bf8 26. Bd4 Bg7 27. Rd1 Bb7
28. Bxb7 Rxb7 29. Kf1 Rc7 30. Ke2 Bxd4 31. Rxd4 Rc2+ 32. Rd2 Rc3 33. Rb2 b5 34.
axb5 Rc5 35. Kd3 Kf8 36. e4 Rxb5 37. b4 Ke7 38. f4 Rb6 39. Kc4 f6 40. b5 Rb7
41. Ra2 Rc7+ 42. Kb4 Kd8 43. Ra6 Re7 44. Kc5 Ke8 45. Kd6 Rb7 46. Ke6 Rxb5 47.
Kxf6 Rb7 48. e5 Rf7+ 49. Kg5 Rf5+ 50. Kg4 Rf7 51. h4 Kf8 52. h5 Kg7 53. Kh4 Kh6
54. Ra4 Kg7 55. g4 Kh6 56. hxg6 hxg6 57. Kg3 Kg7 58. Ra6 Kh7 59. Kf3 Rb7 60. f5
g5 61. Ke4 Kg7 62. Rg6+ Kf8 63. f6 a5 64. Rh6 Kg8 65. e6 a4 66. f7+ Kg7 67.
Rh7+ 1-0

[Event "WCh Women 2017"]
[Site "Tehran IRI"]
[Date "2017.02.22"]
[Round "4.3"]
[White "Harika, Dronavalli"]
[Black "Dzagnidze, Nana"]
[Result "1-0"]
[WhiteElo "2539"]
[BlackElo "2525"]
[PlyCount "105"]
[EventDate "2017.02.11"]

1. e4 c5 2. Nf3 e6 3. d4 cxd4 4. Nxd4 a6 5. c4 Nf6 6. Nc3 Bb4 7. Qd3 Qc7 8. a3
Bxc3+ 9. Qxc3 O-O 10. Bd3 d5 11. cxd5 Qxc3+ 12. bxc3 exd5 13. e5 Ne4 14. Be3
Nd7 15. f4 Ndc5 16. Bc2 Nxc3 17. Nb5 Nxb5 18. Bxc5 Re8 19. Kd2 Bd7 20. Rhc1 Bc6
21. Bb6 Rac8 22. Bf5 Ra8 23. a4 Na7 24. Bd4 g6 25. Bd3 Nc8 26. g4 Ne7 27. h3
Rac8 28. Rab1 Bxa4 29. Rxc8 Rxc8 30. Rxb7 Nc6 31. Ke3 Bb5 32. f5 Nxd4 33. Kxd4
Bxd3 34. Kxd3 gxf5 35. gxf5 h6 36. Kd4 Ra8 37. e6 fxe6 38. fxe6 a5 39. Ke5 a4
40. Kf6 a3 41. Rg7+ Kh8 42. Rg1 Rf8+ 43. Ke7 Rg8 44. Ra1 Rg3 45. Kd7 Rxh3 46.
e7 Re3 47. Rxa3 Re4 48. Ra6 Rxe7+ 49. Kxe7 Kg7 50. Rd6 h5 51. Rxd5 Kg6 52. Ke6
h4 53. Ra5 1-0

[Event "WCh Women 2017"]
[Site "Tehran IRI"]
[Date "2017.02.22"]
[Round "4.4"]
[White "Dzagnidze, Nana"]
[Black "Harika, Dronavalli"]
[Result "1/2-1/2"]
[WhiteElo "2525"]
[BlackElo "2539"]
[PlyCount "98"]
[EventDate "2017.02.11"]

1. c4 e6 2. g3 Nf6 3. Bg2 d5 4. Nf3 Be7 5. O-O O-O 6. d4 dxc4 7. Na3 Bxa3 8.
bxa3 Nc6 9. a4 Nd5 10. Qc2 Nb6 11. Bb2 a5 12. a3 Bd7 13. Nd2 Ne7 14. Bxb7 Rb8
15. Bf3 Bxa4 16. Qc1 Bc6 17. Bc3 Bxf3 18. Nxf3 Qd5 19. Qc2 f5 20. Rab1 Nc6 21.
Rfd1 h6 22. Nh4 Qe4 23. Qd2 Nd5 24. Rbc1 f4 25. Qc2 Qxc2 26. Rxc2 Rb3 27. Be1
c3 28. Ng6 Rfb8 29. Nxf4 Rb1 30. Rxb1 Rxb1 31. Nxd5 Nxd4 32. Rxc3 Rxe1+ 33. Kg2
exd5 34. e3 Ne6 35. Rc6 Kf7 36. Ra6 Ra1 37. Rxa5 c5 38. Ra8 c4 39. a4 c3 40.
Rc8 Rxa4 41. Rxc3 d4 42. Rd3 dxe3 43. Rxe3 Ra2 44. h4 h5 45. Re5 g6 46. Rd5 Ra3
47. Kg1 Ra1+ 48. Kg2 Ra3 49. Kg1 Ra1+ 1/2-1/2